LEADER 00965nam a2200265 i 4500 001 991002303569707536 005 20020508193936.0 008 000220s1979 it ||| | ita 035 $ab1098916x-39ule_inst 035 $aPARLA159099$9ExL 040 $aDip.to Filosofia$bita 082 0 $a329 100 1 $aCotta, Maurizio$0118838 245 10$aClasse politica e parlamento in Italia, 1946-1976 /$cMaurizio Cotta 260 $aBologna :$bIl mulino,$c[1979] 300 $a376 p. ;$c22 cm 490 0 $aStudi e ricerche ;$v101 650 4$aParlamenti e partiti$zItalia$y1946-1976 650 4$aPartiti$zItalia$y1946-1976 907 $a.b1098916x$b23-02-17$c28-06-02 912 $a991002303569707536 945 $aLE005IF VII H 6$g1$i2005000075032$lle005$o-$pE0.00$q-$rl$s- $t0$u0$v0$w0$x0$y.i11103553$z28-06-02 996 $aClasse politica e Parlamento in Italia, 1946-1976$9591859 997 $aUNISALENTO 998 $ale005$b01-01-00$cm$da $e-$fita$git $h0$i1 LEADER 01207nam a2200313 i 4500 001 991000596569707536 005 20020503191552.0 008 000420s1998 it ||| | fre 020 $a8879161024$c35000 035 $ab1010107x-39ule_inst 035 $aLE02518889$9ExL 040 $aFac. Economia$bita 082 0 $a448.0024651 245 00$aLectures interactives /$ca cura di Leandro Schena ; schede di Cécile Desoutter, Claudia Zoratti 260 $aMilano :$bLED,$cc1998 300 $a247 p. ;$c25 cm 490 0 $aLingue di oggi [Led] 490 0 $aFrancais des affaires. ;$v1 650 4$aLingua francese $vManuali di corrispondenza commerciale 700 1 $aSchena, Leandro 700 1 $aDesoutter, Cécile 700 1 $aZoratti, Claudia 907 $a.b1010107x$b17-02-17$c27-06-02 912 $a991000596569707536 945 $aLE025 ECO 448 SCH01.01 $g1$i2025000123502$lle025$o-$pE0.00$q-$rl$s- $t0$u1$v2$w1$x0$y.i14556273$z19-09-07 945 $aLE025 ECO 448 SCH01.01 $cV. 1$g2$i2025000070356$lle025$o-$pE0.00$q-$rl$s- $t0$u1$v0$w1$x0$y.i10117611$z27-06-02 996 $aLectures interactives$9197297 997 $aUNISALENTO 998 $ale025$b01-01-00$cm$da $e-$ffre$git $h0$i1